| 000 | 00864nam a2200229 i 4500 | ||
|---|---|---|---|
| 001 | 69833 | ||
| 003 | ES-MaACL | ||
| 005 | 20230906170632.0 | ||
| 007 | t| | ||
| 008 | 040712s1943 sp ||||1| spa d | ||
| 130 | 0 |
_aBiblia. _pN.T. _pEvangelios. _lEspañol. _9119305 |
|
| 245 | 1 | 4 |
_aLos Santos Evangelios de nuestro señor Jesucristo / _cversión directa del texto griego, introducción y comentarios por Daniel García Hugues ; prólogo de Leopoldo Eijo y Garay. |
| 250 | _a2ª ed. | ||
| 260 |
_aMadrid : _bLuz y Vida, _c1943. |
||
| 300 |
_aXLVII, 253 p. ; _c24 cm. |
||
| 490 | 1 | _aEdiciones populares católicas de la Santa Biblia | |
| 700 | 1 |
_aGarcía Hughes, Daniel. _954782 |
|
| 700 | 1 |
_aEijo y Garay, Leopoldo. _946828 |
|
| 830 | 1 |
_aEdiciones populares católicas de la Santa Biblia _9231017 |
|
| 852 |
_aES-MaACL _jF-15548 |
||
| 999 |
_c69833 _d69833 |
||